| 000 | 01318cam a22002174a 4500 | ||
|---|---|---|---|
| 005 | 20250605164151.0 | ||
| 008 | 250528s ||||||||||||||||||||||||d | ||
| 035 | _a19388 | ||
| 020 | _a9603434078 | ||
| 040 |
_aGR-AtMCL _bgre _dGR-AtMCL _eAACR2 |
||
| 245 | 1 | _aΣΤΡΑΤΗΓΙΚΕΣ ΧΡΗΜΑΤΟΔΟΤΗΣΗΣ ΤΗΣ ΑΝΑΠΤΥΞΗΣ | |
| 250 | _a1 | ||
| 260 |
_bΑδελφοι Κυριακιδη, _c1997 |
||
| 300 | _a272 | ||
| 505 | 0 | _aΣΤΡΑΤΗΓΙΚΕΣ ΧΡΗΜΑΤΟΔΟΤΗΣΗ ΤΗΣ ΑΝΑΠΤΥΞΗΣ: ΕΓΧΩΡΙΕΣ ΑΠΟΤΑΜΙΕΥΣΕΙΣ Η ΣΤΡΑΤΗΓΙΚΗ ΚΙΝΗΤΟΠΟΙΗΣΗΣ ΤΩΝ ΑΠΟΤΑΜΙΕΥΣΕΩΝ ΜΕ ΜΕΤΡΑ ΔΗΜΟΣΙΟΝΟΜΙΚΗΣ ΠΟΛΙΤΙΚΗΣ Η ΣΤΡΑΤΗΓΙΚΗ ΚΙΝΗΤΟΠΟΙΗΣΗΣ ΤΩΝ ΑΠΟΤΑΜΙΕΥΣΕΩΝ ΜΕ ΜΕΤΡΑ | |
| 520 | _aΣΤΡΑΤΗΓΙΚΕΣ ΧΡΗΜΑΤΟΔΟΤΗΣΗ ΤΗΣ ΑΝΑΠΤΥΞΗΣ: ΕΓΧΩΡΙΕΣ ΑΠΟΤΑΜΙΕΥΣΕΙΣ Η ΣΤΡΑΤΗΓΙΚΗ ΚΙΝΗΤΟΠΟΙΗΣΗΣ ΤΩΝ ΑΠΟΤΑΜΙΕΥΣΕΩΝ ΜΕ ΜΕΤΡΑ ΔΗΜΟΣΙΟΝΟΜΙΚΗΣ ΠΟΛΙΤΙΚΗΣ Η ΣΤΡΑΤΗΓΙΚΗ ΚΙΝΗΤΟΠΟΙΗΣΗΣ ΤΩΝ ΑΠΟΤΑΜΙΕΥΣΕΩΝ ΜΕ ΜΕΤΡΑ | ||
| 700 | 1 |
_aΑργυρης Αθανασιος _95636 |
|
| 942 | _cBK | ||
| 999 |
_c4644 _d4644 |
||